000 00455cam a2200193ua 4500
001 8872
008 150216n ii |||gr||||Z||||||eng
020 _a0706920589
040 _cMAIN
041 _aeng
082 _a338.9
100 _aJhingan, M. L.,
_eAuthor.
245 _aEconomics of development and planning
_cBy M. L. Jhingan
250 _a1st.
260 _aNew Delhi:
_bVikas,
_c1975.
300 _a686p.
653 _aProduction
942 _cBK
999 _c7966
_d7966